000 00222nam a22000857a 4500
999 _c11556
_d11556
008 190618b ||||| |||| 00| 0 eng d
100 _aJackson .D& N
_97263
245 _a Hero Tales - Volume -3
260 _aU S A
_b Bethany
_c1998